000 01156cam a2200325 4500
001 3232281
003 ARRUPE
005 20131126141627.0
008 720413s1972 nyu b 001 0 eng
010 _a 79171396
040 _aDLC
_cDLC
_dDLC
043 _acl-----
050 0 0 _aHC125
_b.C58 1972
100 1 _aCockcroft, James D.
_93973
245 1 0 _aDependence and underdevelopment: Latin America's political economy,
_cby James D. Cockcroft, André Gunder Frank [and] Dale L. Johnson.
250 _a[1st ed.]
260 _aGarden City, N.Y.,
_bAnchor Books,
_c1972.
300 _axxix, 448 p.
_c19 cm.
350 _a$2.50
504 _aIncludes bibliographical references.
651 0 _aLatin America
_xEconomic conditions.
_93974
651 0 _aLatin America
_xSocial conditions.
_93975
651 0 _aLatin America
_xPolitics and government.
_93976
651 0 _aLatin America
_xDependency on foreign countries.
_93977
700 1 _aFrank, Andre Gunder,
_d1929-
_93978
700 1 _aJohnson, Dale L.
_93979
740 0 _aLatin America's political economy.
906 _a7
_bcbc
_corignew
_d2
_encip
_f19
_gy-gencatlg
942 _2lcc
_cMONOGRAPH
999 _c118720
_d118720